Langenscheidt standard German dictionary (Record no. 25532)

MARC details
000 -LEADER
fixed length control field 00311nam a2200121Ia 4500
082 ## - DEWEY DECIMAL CLASSIFICATION NUMBER
Classification number 030=111=112.2
Item number GER
100 ## - MAIN ENTRY--AUTHOR NAME
Personal name Roy, Dietrich
245 #0 - TITLE STATEMENT
Title Langenscheidt standard German dictionary
250 ## - EDITION STATEMENT
Edition statement 6
260 ## - PUBLICATION, DISTRIBUTION, ETC. (IMPRINT)
Place of publication Berlin
Name of publisher Langenscheidt
Year of publication 1970
942 ## - ADDED ENTRY ELEMENTS (KOHA)
Koha item type Books
Holdings
Withdrawn status Lost status Damaged status Not for loan Home library Current library Date acquired Cost, normal purchase price Full call number Accession Number Koha item type
        RRII Library RRII Library 16/12/2021 4.25 030=111=112.2 GER 06189 Books